<?xml version="1.0" encoding="UTF-8"?>
<record
    xmlns:xsi="http://www.w3.org/2001/XMLSchema-instance"
    xsi:schemaLocation="http://www.loc.gov/MARC21/slim http://www.loc.gov/standards/marcxml/schema/MARC21slim.xsd"
    xmlns="http://www.loc.gov/MARC21/slim">

  <leader>02338nab a22003137a 4500</leader>
  <datafield tag="999" ind1=" " ind2=" ">
    <subfield code="c">5404</subfield>
    <subfield code="d">5404</subfield>
  </datafield>
  <controlfield tag="003">OSt</controlfield>
  <controlfield tag="005">20250311133436.0</controlfield>
  <controlfield tag="008">190604e        xxu||||| |||| 00| 0 spa d</controlfield>
  <datafield tag="040" ind1=" " ind2=" ">
    <subfield code="c">PJ</subfield>
  </datafield>
  <datafield tag="100" ind1=" " ind2=" ">
    <subfield code="9">6346</subfield>
    <subfield code="a">Moltrassio, Sebasti&#xE1;n</subfield>
  </datafield>
  <datafield tag="245" ind1="1" ind2="0">
    <subfield code="a">Ley de Bases y cap&#xED;tulo laboral : </subfield>
    <subfield code="b">otra reforma regresiva. Alternativas al empleo sin registrar /</subfield>
    <subfield code="c">Sebasti&#xE1;n Moltrassio.</subfield>
  </datafield>
  <datafield tag="260" ind1=" " ind2=" ">
    <subfield code="a">Ciudad Aut&#xF3;noma de Buenos Aires :</subfield>
    <subfield code="b">Thomson Reuters La Ley, </subfield>
    <subfield code="c">2024.</subfield>
  </datafield>
  <datafield tag="300" ind1=" " ind2=" ">
    <subfield code="a">p. 37-74</subfield>
  </datafield>
  <datafield tag="500" ind1=" " ind2=" ">
    <subfield code="a">Cita Online: TR LALEY AR/DOC/1951/2024.</subfield>
  </datafield>
  <datafield tag="505" ind1=" " ind2=" ">
    <subfield code="a">Sumario: I. Introducci&#xF3;n. El gobierno actual va en sentido contrario al mundo.&#x2014; II. An&#xE1;lisis del contexto laboral argentino.&#x2014; III. Texto de la ley 27.742. Cap&#xED;tulo laboral. Principales modificaciones.&#x2014; IV. Opiniones y cr&#xED;ticas a la ley en el cap&#xED;tulo laboral.&#x2014; V. Breve historia constitucional. El Constitucionalismo social.&#x2014; VI. Normas constitucionales, de derechos humanos de rango constitucional nacional y provincial y normas de OIT. Colisi&#xF3;n con la reforma laboral.&#x2014; VII. La progresividad de las leyes en la Constituci&#xF3;n Nacional.&#x2014; VIII. El principio de progresividad en los tratados internacionales de Derechos Humanos con rango constitucional.&#x2014; IX. Convenios de OIT.&#x2014; X. El principio de progresividad seg&#xFA;n la Corte Suprema de Justicia.&#x2014; XI. Violaci&#xF3;n al principio de progresividad de las leyes.&#x2014; XII. An&#xE1;lisis de los art&#xED;culos con la LCT, DNU 70/2023 y ley 27.742.&#x2014; XIII. Fondo de cese laboral.&#x2014; XIV. La incorporaci&#xF3;n del Trabajador Independiente.&#x2014; XV. La eliminaci&#xF3;n de las multas por empleo sin registrar.&#x2014; XVI. Conclusiones.</subfield>
  </datafield>
  <datafield tag="505" ind1=" " ind2=" ">
    <subfield code="t">&#xBF;Te interesa el texto completo? Solicitalo al correo: koha@justierradelfuego.gov.ar
</subfield>
  </datafield>
  <datafield tag="650" ind1=" " ind2="0">
    <subfield code="9">1323</subfield>
    <subfield code="a">CONTRATO DE TRABAJO</subfield>
  </datafield>
  <datafield tag="650" ind1=" " ind2="0">
    <subfield code="9">1803</subfield>
    <subfield code="a">RELACIONES LABORALES</subfield>
  </datafield>
  <datafield tag="650" ind1=" " ind2="0">
    <subfield code="9">4428</subfield>
    <subfield code="a">RELACI&#xD3;N DE DEPENDENCIA</subfield>
  </datafield>
  <datafield tag="650" ind1=" " ind2="0">
    <subfield code="9">766</subfield>
    <subfield code="a">CONSTITUCION NACIONAL</subfield>
  </datafield>
  <datafield tag="650" ind1=" " ind2="0">
    <subfield code="9">1382</subfield>
    <subfield code="a">INDEMNIZACION</subfield>
  </datafield>
  <datafield tag="650" ind1=" " ind2="0">
    <subfield code="9">1497</subfield>
    <subfield code="a">CODIGO CIVIL Y COMERCIAL</subfield>
  </datafield>
  <datafield tag="650" ind1=" " ind2="0">
    <subfield code="9">4429</subfield>
    <subfield code="a">EMPLEO NO REGISTRADO</subfield>
  </datafield>
  <datafield tag="650" ind1=" " ind2="0">
    <subfield code="9">4925</subfield>
    <subfield code="a">ORGANIZACION INTERNACIONAL DEL TRABAJO</subfield>
  </datafield>
  <datafield tag="650" ind1=" " ind2="0">
    <subfield code="9">1576</subfield>
    <subfield code="a">DISCRIMINACION</subfield>
  </datafield>
  <datafield tag="650" ind1=" " ind2="0">
    <subfield code="9">234</subfield>
    <subfield code="a">DERECHO COMPARADO</subfield>
  </datafield>
  <datafield tag="773" ind1="0" ind2=" ">
    <subfield code="0">2714</subfield>
    <subfield code="9">3171</subfield>
    <subfield code="d">Ciudad Aut&#xF3;noma de Buenos Aires : Thomson Reuters La Ley, 2014-</subfield>
    <subfield code="t">Revista anales de legislaci&#xF3;n argentina. N&#xBA; 8 - Agosto 2024.</subfield>
  </datafield>
  <datafield tag="942" ind1=" " ind2=" ">
    <subfield code="2">udc</subfield>
    <subfield code="c">ANA</subfield>
  </datafield>
</record>
